000 00400nam a2200145Ia 4500
008 240729s9999 xx 000 0 und d
022 _a2148-225X
245 0 _aInternational Online Journal of Education and Teaching
260 _aTürkiye
260 _bInformascope
650 _aEducation
856 _uhttps://doaj.org/toc/5767ef0beaac43b596549063342b17fe
942 _2ddc
942 _cDOAJEJ
999 _c68558
_d68558
945 _a1
_bMadushi Gamage
_c1
_dMadushi Gamage